| 000 | 00398cam a2200145ua 4500 | ||
|---|---|---|---|
| 041 |
_aeng _h |
||
| 082 |
_a612.14 _bMAL/BL |
||
| 100 | _aMalcolm, John Erskine . | ||
| 245 |
_aBlood pressure sounds and their meanings / _cJohn Erskine Malcolm. _hTextual Documents |
||
| 260 |
_aMelbourne : _bWilliam Heinemann Ltd , _c1957. |
||
| 300 | _a93 ; . | ||
| 504 | _a | ||
| 942 | _cBK | ||
| 999 |
_c10158 _d10158 |
||